ՄԱՅՐ ԱԹՈՌ ՍՈՒՐԲ ԷՋՄԻԱԾԻՆ

«ՎԱՉԵ ԵՎ ԹԱՄԱՐ ՄԱՆՈՒԿՅԱՆ» ՄԱՏԵՆԱԴԱՐԱՆ

Христос родился в Крыму. Там же умерла Богородица / (Record no. 59650)

MARC details
000 -LEADER
fixed length control field 01213nam a22002657a 4500
003 - CONTROL NUMBER IDENTIFIER
control field SEM
005 - DATE AND TIME OF LATEST TRANSACTION
control field 20250723161256.0
008 - FIXED-LENGTH DATA ELEMENTS--GENERAL INFORMATION
fixed length control field 240325s2010 ru ||||gr||||||01|||rus|d
020 ## - INTERNATIONAL STANDARD BOOK NUMBER
International Standard Book Number 978-5-17-059522-8 (Изд.«АСТ»)
020 ## - INTERNATIONAL STANDARD BOOK NUMBER
International Standard Book Number 978-5-271-23942-7 (Изд. «Астрель»)
040 ## - CATALOGING SOURCE
Original cataloging agency SEM
Transcribing agency SEM
041 ## - LANGUAGE CODE
Language code of text/sound track or separate title rus
082 ## - DEWEY DECIMAL CLASSIFICATION NUMBER
Classification number 230/Н-84
100 ## - MAIN ENTRY--PERSONAL NAME
Personal name Носовский , Глеб Владимирович ; Фоменко Анатолий Тимофеевич
Dates associated with a name (1958-) ; (1945-)
245 ## - TITLE STATEMENT
Title Христос родился в Крыму. Там же умерла Богородица /
Statement of responsibility, etc. Г. В. Носовский ; А. Т. Фоменко ; Зав. ред.: И. Н. Архарова ; Ред.: А. Л. Герасимова
250 ## - EDITION STATEMENT
Edition statement Научно-популярное издание
260 ## - PUBLICATION, DISTRIBUTION, ETC.
Place of publication, distribution, etc. Москва :
Name of publisher, distributor, etc. «АСТ»,
-- «Астрель»,
Date of publication, distribution, etc. 2010.
300 ## - PHYSICAL DESCRIPTION
Extent 590 с. ;
Other physical details рис. ;
Dimensions 24 см
504 ## - BIBLIOGRAPHY, ETC. NOTE
Bibliography, etc. note Лит.: с. 573-584
650 ## - SUBJECT ADDED ENTRY--TOPICAL TERM
Topical term or geographic name entry element Христианство
General subdivision жизнеописание Христа
653 ## - INDEX TERM--UNCONTROLLED
Uncontrolled term ՍԷՄ
700 ## - ADDED ENTRY--PERSONAL NAME
Personal name Архарова, И. Н.
Relator term зав. ред.
Relationship chief edt.
700 ## - ADDED ENTRY--PERSONAL NAME
Personal name Герасимова, А. Л.
Relator term ред.
Relationship edt.
942 ## - ADDED ENTRY ELEMENTS (KOHA)
Source of classification or shelving scheme Dewey Decimal Classification
Koha item type Գրքեր/Books
Holdings
Withdrawn status Lost status Source of classification or shelving scheme Damaged status Not for loan Collection code Home library Current library Date acquired Cost, normal purchase price Inventory number Total Checkouts Full call number Barcode Date last seen Price effective from Koha item type Public note
    Dewey Decimal Classification     Գրապահոց Մայր Աթոռ Սուրբ Էջմիածին «Վաչե և Թամար Մանուկյան» Մատենադարան Մայր Աթոռ Սուրբ Էջմիածին «Վաչե և Թամար Մանուկյան» Մատենադարան 25/03/2024 13230.00 Рус-4005   230/Н-84 Рус-4005 25/03/2024 25/03/2024 Գրքեր/Books Սպասարկվում է ընթերցասրահ